| 000 | 00989cab a2200289 4500 | ||
|---|---|---|---|
| 001 | ABS49991 | ||
| 008 | 090401t1994 xxu||||| |||| 00| 0 eng d | ||
| 035 | _a(Sirsi) u73561 | ||
| 041 | _aeng | ||
| 100 | _aPyke, J. | ||
| 245 | _aPossession procedures | ||
| 260 | _c1994 | ||
| 350 | _a0 | ||
| 490 |
_aSolicitors` Journal _v138(2) 21 January 1994, 36-37(2) |
||
| 520 | _aDetails recent changes in possession procedures for rented housing under County Court (Amendment No 3) Rules 1993. | ||
| 650 | _aACCELERATED POSSESSION PROCEDURE | ||
| 650 | _aASSURED SHORTHOLD TENANCIES | ||
| 650 | _aASSURED TENANCIES | ||
| 650 | _aCOUNTY COURT RULES | ||
| 650 | _aHOUSING ACT 1988 | ||
| 650 | _aPOSSESSION PROCEDURE | ||
| 650 | _aRENT ARREARS | ||
| 650 | _aPROPERTY-RESIDENTIAL PROPERTY-RESIDENTIAL LANDLORD AND TENANT-RESIDENTIAL TENANCIES | ||
| 690 | _aPROPERTY-RESIDENTIAL PROPERTY-RESIDENTIAL LANDLORD AND TENANT-RESIDENTIAL TENANCIES | ||
| 942 | _n0 | ||
| 948 | _c04/03/1997 | ||
| 999 |
_c46480 _d46480 |
||